00994 a2200193 45000010006000000050017000060080041000230030015000640400040000790800056001192450057001750200018002322640034002503000019002845050351003031000024006547000023006788560099007011600420260407155452.0260407a1988 arg spa dAR-UNSa-BCEJYS aAR-UNSa-BCEJYSbspacAR-UNSa-BCEJYS a519.2xProbabilidades y estadística matemática 10aTeoría y problemas de probabilidad y estadística a968-451-102-7 1aMéxico :bMcGraw-Hillc1988 a372 p.c27 cm. a1. Conjuntos y probabilidad - 2. Variables aleatorias y distribuciones de probabilidad - 3. Esperanza matemática - 4. Distribución de probabilidad con nombre propio - 5. Teoría de muestreo - 6. Teoría de estimación - 7. Ensayos de hipotesis y significación - 8. Curva de ajuste, regresión y correlación - 9. Análisis de varianza1 aOsuna Suarez, Jairo1 aSpiegel, Murray R.41uhttps://www.biblioeco.unsa.edu.ar/pmb/images/libros/L127211.jpgyImagen de portadaqimage/jpeg